Gaming Quiz

Random Gaming Quiz
Score 0/38 Timer 20:00
0 Plays Today
% Correct
Professor Hershel Layton
83.9%
Luke Triton
83.9%
Flora Reinhold
80.6%
Don Paolo
77.4%
Lady Dahlia Reinhold
74.2%
Granny Riddleton
74.2%
Inspector Chelmey
67.7%
Baron Augustus Reinhold
64.5%
Stachenscarfen
61.3%
Ramon
61.3%
Gordon Reinhold
54.8%
Simon Reinhold
54.8%
Bruno
54.8%
Claudia
51.6%
Ingrid
48.4%
Matthew
48.4%
Agnes
48.4%
Pavel
48.4%
Prosciutto
48.4%
% Correct
Pauly
45.2%
Beatrice
41.9%
Deke
38.7%
Crouton
38.7%
Lucy
38.7%
Percy
32.3%
Crumm
32.3%
Archibald
32.3%
Martha
32.3%
Adrea
29%
Franco
25.8%
Marco
25.8%
Flick
25.8%
Rodney
25.8%
Zappone
25.8%
Gerard
25.8%
Jarvis
25.8%
Sylvain
22.6%
Giuseppe
22.6%
Remove Ads.
Support Sporcle.
Get the best of Sporcle when you Go Orange. This ad-free experience offers more features, more stats, and more fun while also helping to support Sporcle. Thank you for becoming a member.

You're not logged in!

Compare scores with friends on all Sporcle quizzes.
OR
Log In

Sporcle TV

Today on Sporcle TV


Watch our educational content, quiz creation guides, and fun videos on Sporcle TV.

Show Comments

Extras

Top Quizzes Today


Score Distribution

Paid Content

Your Account Isn't Verified!

In order to create a playlist on Sporcle, you need to verify the email address you used during registration. Go to your Sporcle Settings to finish the process.

Report this User

Report this user for behavior that violates our Community Guidelines.

Details: